Countries That Start with S (with a map) - Statistics

General Stats
  • This quiz has been taken 3,976 times
    3,540 since last reset
  • The average score is 19 of 26
Answers on the Map
Answers color-coded by a green-red scale on the quiz's map according to % correct below.
 
Answer Stats
Country % Correct
Spain
93%
Sweden
87%
South Korea
86%
Sudan
84%
Slovakia
82%
South Africa
82%
South Sudan
82%
Slovenia
81%
Switzerland
81%
Serbia
78%
Somalia
78%
Senegal
75%
Suriname
75%
Syria
75%
Saint Lucia
70%
Singapore
70%
Sri Lanka
70%
Saint Kitts and Nevis
69%
Saudi Arabia
69%
Seychelles
69%
Saint Vincent and the Grenadines
66%
Samoa
66%
San Marino
65%
São Tomé and Príncipe
62%
Solomon Islands
61%
Sierra Leone
60%
No matching quizzes found
Score Distribution
Percent of People with Each Score
Percentile by Number Answered
Your Score History
You have not taken this quiz since the last reset